Quizzes
Events
Quiz Creation
Community
Videos
Private Events
Remove Ads
Sign In
Join for FREE
Feedback
Dark Mode
Quiz Categories
Sports
Geography
Music
Movies
Television
Just For Fun
Miscellaneous
History
Literature
Language
Science
Gaming
Entertainment
Religion
Holiday
For Kids
Quiz Lab
Recent
Popular Today
Quiz Kudos Today
Editor Picks
Curator Picks
Quizzes by...
Day
Popularity
Type
Ratings
Length
Year
Community
Subscriptions
Recent Discussions
Orange Saloon
Badges
Playlists
Quests
Create
Leaderboards
Showdown
Live 5
Trivia Bingo
Activity
Puzzle Library
Sporcle Events
Private Events
Virtual Trivia
Globe League
Become a Host
Pub Owners
SporcleCon
Opinionation
Our Games
Videos
Blog
Mobile Apps
Partnerships
Remove Ads and Go Orange
Feedback
Holiday
Halloween
Christmas
Holiday Songs
April Fools'
Thanksgiving
Valentine's Day
Easter
St Patrick's Day
National Holiday
Religious Holiday
Holiday
Halloween
Christmas
Holiday Songs
April Fools'
Thanksgiving
Valentine's Day
Easter
St Patrick's Day
National Holiday
Religious Holiday
Random Quiz
Search Sporcle
×
Featured
Featured
Holiday
Judaism
Click on answers out of a set of options
Click on answers out of a set of options
Multiple Choice
Best Score? Go Orange.
Multiple Choice Passover Quiz Stats
Can you choose the right answers in this multiple choice quiz about Passover?
By
scole9179
7m
18 Questions
5,628 Plays
5,628 Plays
5,628 Plays
Comments
Comments
Give Quiz Kudos
Give Quiz Kudos
-
- Ratings
hide this ad
Random Order
Randomize order of answers
Randomize order of answers
Replay
Link that replays current quiz
Next Quiz
Link to next quiz in quiz playlist
You Got
0%
They Got
Avg Score
65%
Avg Friend Score
Upgrade to see
Score Distribution
Jump to the score distribution portion of the page
Score
0/18
Timer
07:00
1
Play Today
Question
Answer
Wrong Answers
Which Biblical prophet led the Jews out of slavery?
Moses
88.8%
Aaron
2%
Joseph
2.7%
Isaiah
2.2%
The Israelites were slaves of what nation?
Egypt
87.3%
Rome
3%
Babylon
3.8%
Persia
3.3%
What did the Israelites cover their doors and mantles with as a sign they were with God?
Lamb's Blood
83.2%
Camel's Milk
4.6%
Wine
2.4%
Humus
1.2%
The story of Passover can be found in which book of the Bible?
Exodus
79.8%
Leviticus
7.5%
Genesis
8.3%
Numbers
4%
Which type of unleavened bread is eaten by Jews during the Passover?
Matzo
79.4%
Tortilla
1.4%
Roti
2.9%
Naan
4.4%
At the close of the Passover dinner, it is traditional to say 'Next year in ___!' what city?
Jerusalem
76.2%
Cairo
1.8%
Tel Aviv
3.5%
Bethlehem
5.1%
The Passover meal is called the ____.
Seder
73.6%
Sukkot
8.9%
Afikoman
1.6%
Haggadah
6.9%
Who are expected to ask questions during the Passover meal?
Children
70.4%
Rabbi
6.3%
Elders
8.5%
Women
3.2%
What question is traditionally asked at the beginning of the Passover feast?
Why is this night different from all other nights?
67.8%
Why are we quiet at dinner today?
4.9%
Why can't we have normal bread?
4.4%
What happened during the Passover many years ago?
11.8%
What does the Passover commemorate?
The night when the Lord sent his angel to slay the Egyptian firstborn but passed over the homes of the Israelites.
65.2%
The night when the Lord allowed the Israelites to pass over to the other side of the Red Sea.
9.2%
The night when the Lord allowed the Israelites to pass over from Egypt into the Promised Land.
11.6%
The night when the Lord sent Moses to pass over from the Wilderness into Egypt to free the slaves.
6.4%
During the Passover dinner, a cup of wine is left out for which Jewish prophet?
Elijah
62.9%
Isaiah
12.2%
Daniel
5.1%
Ezekiel
9.2%
Part of the Passover meal is the Maror and the Chazeret which are two types of bitter herbs. What do they symbolize?
Harshness of the slavery
59.6%
Cruelness of the Pharaoh
11%
The sky and the stars
9.5%
The 10 Plagues of Egypt
7.8%
Which movie does not feature the Passover?
Gods of Egypt
54.1%
Prince of Egypt
16.1%
The Ten Commandments
15.6%
Exodus: Gods and Kings
8.5%
Why do Jews eat unleavened bread during Passover?
To symbolize that they had to quickly escape Egypt
52.7%
To symbolize the scant food they had as slaves
19%
To symbolize the bricks they made as slaves
6.6%
To symbolize the lack of wheat in Egypt
8.3%
Yet another part of the Passover meal is the Beitzah. What is it?
A hard boiled egg
51.4%
A roasted potato
7.9%
A roasted shank of lamb
22.3%
Manna and quail
5.3%
What month of the Jewish calendar does Passover take place?
Nisan
51.1%
Elul
10.7%
Tishrei
14.1%
Tevet
22.5%
The sacred text that Jewish families read from during the Passover meal is called the ____.
Haggadah
43.1%
Chametz
4.2%
Torah
41%
Afikoman
1.8%
Another part of the Passover meal is the Charoset; a sweet paste of fruits and nuts. What does it symbolize?
The mortar used to make the buildings of Egypt
41.8%
Luxury the Israelites dreamed about
11.9%
The kindness and the wisdom of Moses
27.9%
The blood from the whips of the Egyptian taskmasters
5.9%
Quiz Playlist
Details
Report
Send in Message
Add To Playlist
Multiple Choice:
Click on answers out of a set of options
Random Order:
Randomize order of answers
Last Updated: Mar 27, 2021
Featured
Curator Pick in
Judaism
Quiz Scoreboard
CHALLENGE
Sign Up to Join the Scoreboard
Show All
Scores
Hide
Comments
May contain spoilers
Recently Published
Presidents Visiting Landmarks
by Hejman
History
7m
An Introduction to Baseball
by treessimontrees
Sports
5m
Movies - When Are They Set?
by FPL_Elf
Movies
5m
More to Explore
Quiz From the Vault
Featured Blog Post
Where Did the Easter Bunny Come From?
hide this ad
You Might Also Like...
Tags
Judaism Quiz
Religious Holiday Quiz
Exodus Biblical
Israel
Jewish
Multiple Choice
Passover
Today's Top Quizzes in Holiday
Browse Holiday
hide this ad
Today's Top Quizzes in Judaism
Browse Judaism
Top Contributed Quizzes in Holiday
1
5-to-1: Holiday Songs
2
5-to-1: Thanksgiving
3
Easter - Did You Know?
4
Word Ladder: Four Leaf Clover
5
Show What You Know: US Federal Holidays
6
Holidays Spelling Bee
7
The Holiday Category, A to Z
8
Slices of Holidays
9
3-per Word Ladder: Listen Up!
10
Entertaining Easter Eggs
Explore More
Trending Topics
Harry Potter
Crossword
NBA
Marvel
Kpop
Anime
Disney
NFL
Pokémon
WWE
Song
The Office
Puzzle
Country
Soccer
hide this ad
More By:
scole9179
Quiz
Plays
Rating
Category
Featured
Created
Identify the Midwestern States
268,707
4.39
Geography
Dec 9, 2015
Map of the USA in 1860
246,117
4.73
History
Nov 29, 2015
Identify the Western States
198,837
4.52
Geography
Dec 9, 2015
Identify the Southern States
172,497
4.28
Geography
Dec 9, 2015
Egyptian God or Pokémon?
122,337
4.47
Just For Fun
Feb 2, 2016
Go to Creator's Profile
Score Distribution
Quiz Creator Spotlight
scole9179
Follow
Send a Message
Quizzes Created
-
Created Quiz Play Count
-
More By This Creator
Popular Quizzes Today
1
Find the US States - No Outlines Minefield
2
Find the Countries of Europe - No Outlines Minefield
3
The Countries of the World
4
Find the US States
5
Popular People in 1961
6
US States
7
Risky Map Clicking: Biggest States A-Z
8
1-10 Letter E Words III
More Holiday Quizzes
St. Patrick's Day Words in Famous Quotes
Editor's Pick
Trending Quizzes
Risky Map Clicking: Least Populous States A-Z
1-10 Letter G Words
1-10 Letter F Words
Risky Map Clicking: Next State Alphabetically
Risky Map Clicking: Biggest States A-Z
Recently Updated
Leaping Animals
pecheneg
Reality TV Shows (A-Z)
bhenderson79
Rickey Henderson's Hall of Fame Teammates
pecheneg
Champions League XIs: Arsenal
pecheneg
Quick Pick: Celebrities in WWE's Hall of Fame
aduchscher
A-Z Keypad Blitz II
pecheneg
Multiple Oscar Actors
pecheneg
Mystery Phrase Blitz: Oscar 'Best Actors'
pecheneg
F. Scott Fitzgerald Novels
LTH
Pick 3 Villains
ddd62291
Trending Topics
Marvel
Kpop
NBA
Crossword
Harry Potter
Anime
Disney
Soccer
The Office
Puzzle
Song
Pokémon
WWE
Country
NFL
Your Account Isn't Verified!
In order to create a playlist on Sporcle, you need to verify the email address you used during registration. Go to your
Sporcle Settings
to finish the process.
Report this User
Report this user for behavior that violates our
Community Guidelines
.
Details:
Send Report
Go to the Sporcle.com Mobile Site →
Comments